[Event "Voronezh op-B 23rd"]
[Site "Voronezh"]
[Date "2019.06.12"]
[Round "1"]
[White "Kolomensky, Vladimir"]
[Black "Dobrynin, Ivan"]
[Result "1-0"]
[WhiteElo "2134"]
[BlackElo "1734"]
[PlyCount "39"]
[EventDate "2019.06.12"]
[EventType "swiss"]
[EventRounds "9"]
[EventCountry "RUS"]
[SourceTitle "CBM 191 Extra"]
[Source "ChessBase"]
[SourceDate "2019.09.30"]
[SourceVersion "1"]
[SourceVersionDate "2019.09.30"]
[SourceQuality "1"]

1. e4 c5 2. Nf3 e6 3. d4 cxd4 4. Nxd4 a6 5. Nc3 Qc7 6. g3 b5 7. Bg2 Bb7 8. 0-0 d6 9. Re1 Be7 10. a4 bxa4 11. Rxa4 Nf6 12. Rb4 Nfd7 13. Nf5 Kf8 14. Nxd6 Qxd6 15. Rxb7 Qxd1 16. Rxd1 Nc5 17. Rc7 Nbd7 18. b4 Bd8 19. Rc6 Bf6 20. bxc5 1-0